O Mundo do Trabalho e as Novidades Normativas na Perspectiva da Magistratura e do Ministřio Pb︢lico Gřson Marques

Bibliographic Details
Main Author: Marques, Gřson
Other Authors: Maranhao, Ney
Format: eBook
Language:Portuguese
Published: San Pablo: LTR Editora, 2014
Subjects:
Online Access:Acceso restringido

MARC

LEADER 00000nam a22000007a 4500
005 20140711000417.0
007 cr|||| ||||
008 140711s2014 br |||||s|||| 00||0 por d
020 |a 978-85-361-2886-3 
035 |a 12234 
040 |a vLex 
090 |c 5021  |d 5021 
100 1 |a Marques, Gřson 
245 1 2 |a O Mundo do Trabalho e as Novidades Normativas na Perspectiva da Magistratura e do Ministřio Pb︢lico Gřson Marques   |h [Recurso electrn̤ico] /  |c Gřson Marques, Ney Maranhao 
256 |a Servicio en ln̕ea 
260 |a San Pablo:  |b LTR Editora,  |c 2014 
300 |a 1 recurso electrn̤ico 
500 |a O Instituto de Pesquisas e Estudos Avanȧdos da Magistratura e Ministřio Pb︢lico do Trabalho (IPEATRA), perante a comunidade jurd̕ica, vem prestar sua homenagem ao saudoso Ministro Arnaldo Süssekind, falecido em 2012, jurista escol e um dos autores da Consolidaȯ̂ das Leis do Trabalho (CLT) - refern̊cia normativo-laboral no Brasil e que, este ano, logra x̊ito em alcanȧr seu 70ð aniversr̀io. 
506 1 |a Disponible solo en los productos indicados  |d vLex Global  |d vLex Global (Academic Edition, excluding Law Schools)  |d vLex Global (U.S. Academic Edition, Law Schools)  |d vLex Global (U.S. Academic Edition, excluding Law Schools)  |d vLex Global (Academic Edition, Law Schools) 
650 0 4 |a Derecho Laboral y Seguridad Social  |z Brasil 
700 1 |a Maranhao, Ney 
740 0 |a vLex Libros (Servicio en ln̕ea) 
856 4 0 |u http://vlex.com/source/mundo-do-trabalho-e-as-novidades-normativas-na-perspectiva-da-magistratura-e-do-ministerio-publico-12234  |z Acceso restringido 
942 |c BOOK 
999 0 |a Labor Law and Social Security